| Поле | Инд. | ПП | Название | Значение |
|---|---|---|---|---|
| Тип записи | a | |||
| Библиографический уровень | a | |||
| 001 | Контрольный номер | 2584c39b35bf4a87834cd883bfd11ba9 | ||
| 005 | Дата корректировки | 20181120134525.2 | ||
| 100 | a | Данные общей обработки | 20180626 ||| 0rusy0189 ca | |
| 101 | 0_ | a | Язык текста | rus |
| 102 | a | Страна публикации | RU | |
| 200 | 1_ | a | Заглавие | Судебная практика органов европейской и межамериканской систем защиты прав человека в контексте защиты прав ребенка |
| f | Первые сведения об ответственности | А.А. Белоусова, В.И. Михеева | ||
| 210 | d | Дата издания | 2018 | |
| 461 | _0 | 1 | 2000 | |
| a | Закон и право | |||
| 463 | _0 | 1 | 2000 | |
| a | №1 | |||
| v | С. 78-80 | |||
| 1 | 2101 | |||
| d | 2018 | |||
| 1 | 001cec4e7dcd7724b3e8d6157b60d70c228 | |||
| 606 | a | Основная рубрика | Международное право. Право отдельных стран | |
| 610 | 0_ | a | Ключевые слова | ПРАВА РЕБЕНКА |
| a | Ключевые слова | СУДЕБНАЯ ЗАЩИТА | ||
| a | Ключевые слова | ЕВРОПЕЙСКИЙ СУД | ||
| 700 | _1 | a | Фамилия | Белоусова |
| b | Имя | А.А. | ||
| 701 | _1 | a | Фамилия | Михеева |
| b | Имя | В.И. | ||
| 801 | _0 | a | Страна | RU |
| b | Организация | РГУП | ||
| c | Дата составления | 20180626 | ||
| g | Правила каталогизации | PSBO | ||
| 801 | _1 | a | Страна | RU |
| b | Организация | РГУП | ||
| c | Дата составления | 20180626 | ||
| g | Правила каталогизации | PSBO | ||
| 856 | 4_ | u | URL | https://rucont.ru/efd/638647 |
| 901 | t | Тип документа | b | |
| w | Контрольный № источника | cec4e7dcd7724b3e8d6157b60d70c228 | ||
| 905 | a | Дата ввода | 20180626 |